| 000 | 00788ntm a22002057a 4500 | ||
|---|---|---|---|
| 005 | 20170810124033.0 | ||
| 008 | 170802s2014 xx a frb 000 0 eng d | ||
| 040 |
_aEG-ScBUE _beng _cEG-ScBUE |
||
| 082 | 0 | 4 |
_222 _a624 _bSAF |
| 100 | 1 | _aSafwat, Ahmed Mahmoud. | |
| 245 | 1 | 0 |
_aEffect of supporting base layer on local pavement in the long term performance / _cby Ahmed Mahmoud Safwat. |
| 260 | _c2014. | ||
| 300 |
_avii, 75 p. : _bill. (col.) ; _c28 cm. |
||
| 500 | _aA dissertation submitted to the faculty of engineering. the British university in Egypt, in partial Fulfillment of the requirements for the bachelor degree in civil engineering. | ||
| 590 | _akarima | ||
| 650 | 7 |
_2BUEsh _a Civil engineering. _vProjects |
|
| 653 |
_bENGCIV _cAugust2017 |
||
| 655 | _vSPRO | ||
| 942 | _2ddc | ||
| 999 |
_c25368 _d25340 |
||